• 首页
  • 本馆介绍
  • 公告通知
  • 最新文献
  • 馆藏检索
  • 电子资源
  • 读者导购
  • 参考咨询
  • 我的图书馆
  • 登录
  • 详细信息显示
  • 放入我的书架
  • 预约/预借图书
  • 作者相关作品
  • 分类相关作品
  • 丛书相关作品
  • 出版社相关作品

书目信息

  • 表格格式
  • 工作单格式
  • 卡片格式
题名:
邓小平文选
    
 
作者: 邓小平
分册: 第一册  
出版信息: 河北   人民出版社  1989
页数: 384
开本: 19cm
丛书名:
单 册:
中图分类: A491
科图分类:
主题词: 毛泽东著作
电子资源:
ISBN: 7-01-002067-1
000 00501nam0 2200181 450
001 0760515518
005 20070817164835.51
010    @a7-01-002067-1@d¥6.70
100    @a20070817d km y0chiy0120 ea
101 0  @achi
200 1  @a邓小平文选@Adeng xiao ping wen xuan@h第一册@f邓小平@Fdeng xiao ping
210    @a河北@c人民出版社@d1989
215    @a384@d19cm
606 0  @a毛泽东著作
690    @aA491@v3
701  0 @a邓小平@Adeng xiao ping
801  0 @aCN@bPFT@c20070817
905    @a213230@dA491@eg3:1@f1
    
    邓小平文选.第一册/邓小平.-河北:人民出版社,1989
    384;19cm
    
    
    ISBN 7-01-002067-1:¥6.70
    
●
相关链接 在E读中查询图书 在五车中查询图书 在当当中查询图书 在豆瓣中查询图书


正题名:邓小平文选     索取号:A491/g3:1         预约/预借

序号 登录号 条形码 馆藏地/架位号 状态 备注
1 6500013   265000134   密集书库-马院/ [索取号:A491/g3:1] 在馆    
唐山师范学院图书馆 欢迎您!
大连网信软件有限公司© 版权所有